Motivácia a odmeňovanie zamestnancov v hotelierstve

Teoretické aspekty motivácie. Druhy motivátorov. Mimomzdové motivačné faktory. Priemerné mzdy v hotelierstve v Poľsku, Slovensku a v EÚ. Význam rôznych zdrojov motivácie podľa hodnotenia zamestnancov.

Gespeichert in:
Bibliographische Detailangaben
1. Verfasser: Wsendybył-Skulska, Ewa
Format: Buchkapitel
Sprache:Slowakisch
Schlagworte:
Tags: Tag hinzufügen
Keine Tags, Fügen Sie das erste Tag hinzu!

MARC

LEADER 00000naa a2200000 4500
001 0173321
005 20231016074558.1
041 0 |a slo 
044 |a SK 
245 1 0 |a Motivácia a odmeňovanie zamestnancov v hotelierstve  |c Ewa Wsendybył-Skulska 
520 |a Teoretické aspekty motivácie. Druhy motivátorov. Mimomzdové motivačné faktory. Priemerné mzdy v hotelierstve v Poľsku, Slovensku a v EÚ. Význam rôznych zdrojov motivácie podľa hodnotenia zamestnancov. 
610 2 0 |a motivácia pracovná 
610 2 0 |a odmeňovanie 
610 2 0 |a mzdy priemerné 
610 2 0 |a porovnanie medzinárodné 
610 2 0 |a hotelierstvo 
610 2 0 |a hotely 
610 2 0 |a Poľsko 
610 2 0 |a Európska únia 
610 2 0 |a Slovensko 
100 1 |a Wsendybył-Skulska, Ewa